Liekom na intenzívnejší boj proti kriminalite je prevencia
Boj proti kriminalite - prevencia ako nástroj bezpečnosti občanov, prevencia prostredníctvom osobitných preventívnych činností, situačná prevencia a prevencia viktimácie. Realizácia systému prevencie kriminality.
Na minha lista:
| Autor principal: | |
|---|---|
| Formato: | Capítulo de Livro |
| Idioma: | eslovaco |
| Assuntos: | |
| Tags: |
Sem tags, seja o primeiro a adicionar uma tag!
|
MARC
| LEADER | 00000naa a2200000 4500 | ||
|---|---|---|---|
| 001 | r046472 | ||
| 005 | 20230925130103.7 | ||
| 041 | 0 | |a slo | |
| 044 | |a SK | ||
| 245 | 1 | 0 | |a Liekom na intenzívnejší boj proti kriminalite je prevencia |c Ján Roháč |
| 520 | |a Boj proti kriminalite - prevencia ako nástroj bezpečnosti občanov, prevencia prostredníctvom osobitných preventívnych činností, situačná prevencia a prevencia viktimácie. Realizácia systému prevencie kriminality. | ||
| 610 | 2 | 0 | |a kriminalita |
| 610 | 2 | 0 | |a prevencia |
| 610 | 2 | 0 | |a úpravy právne |
| 610 | 2 | 0 | |a Slovensko |
| 100 | 1 | |a Roháč, Ján | |